| 000 | 00673nam a22002057a 4500 | ||
|---|---|---|---|
| 999 |
_c179526 _d179526 |
||
| 005 | 20210617161231.0 | ||
| 010 | _aB-740248 | ||
| 020 |
_a9788188789795 _c300.00 |
||
| 035 | _aB-740248 | ||
| 037 | _bGift | ||
| 082 | _a305.897 | ||
| 100 | _aBurton, Antoinette | ||
| 245 |
_aBrown over black: _brace and the politics of postcolonial citation / _cby Antoinette Burton |
||
| 260 |
_aGurgaon _bThree Essays Collective _c2012 |
||
| 270 |
_aB-957, Palam Vihar _bGurgaon _e122017 |
||
| 300 |
_aix, 171p. _c21cm(pbk) |
||
| 500 | _ainclude index | ||
| 942 |
_2ddc _cEN _h305.897 _mBUR |
||